College Algebra and Trigonometry. (Запис № 482176)

МАРК-запис
000 -LEADER
fixed length control field 01131nam a2200253 a 4500
001 - CONTROL NUMBER
control field collegealgebratr00hart
003 - CONTROL NUMBER IDENTIFIER
control field CaSfIA
005 - DATE AND TIME OF LATEST TRANSACTION
control field 20210117224713.0
007 - PHYSICAL DESCRIPTION FIXED FIELD--GENERAL INFORMATION
fixed length control field cr||||
008 - FIXED-LENGTH DATA ELEMENTS--GENERAL INFORMATION
fixed length control field 870818s1959 xxk | 000 ||und|d
020 ## - INTERNATIONAL STANDARD BOOK NUMBER
International Standard Book Number 0669198021
035 ## - SYSTEM CONTROL NUMBER
System control number (UK-BiTAL)90651edca048473286d37cdd916d2f28
035 ## - SYSTEM CONTROL NUMBER
System control number ()0669198021
040 ## - CATALOGING SOURCE
Original cataloging agency UK-BiTAL
Transcribing agency UK-BiTAL
Modifying agency UK-BiTAL
-- BIBLIOS
-- CaSfIA
100 1# - MAIN ENTRY--PERSONAL NAME
Personal name Hart, William L.
245 10 - TITLE STATEMENT
Title College Algebra and Trigonometry.
Medium [electronic resource]
260 ## - PUBLICATION, DISTRIBUTION, ETC. (IMPRINT)
Name of publisher, distributor, etc DC Heath,
Date of publication, distribution, etc 59.
300 ## - PHYSICAL DESCRIPTION
Extent R8.466. Ill. w.ans.
506 ## - RESTRICTIONS ON ACCESS NOTE
Standardized terminology for access restriction Необхідна авторизація на https://archive.org/ (створення облікового запису безкоштовно)
506 ## - RESTRICTIONS ON ACCESS NOTE
Standardized terminology for access restriction Необхідна авторизація на https://openlibrary.org/ (створення облікового запису безкоштовно)
856 41 - ELECTRONIC LOCATION AND ACCESS
Uniform Resource Identifier <a href="http://www.archive.org/details/collegealgebratr00hart">http://www.archive.org/details/collegealgebratr00hart</a>
Public note Free eBook from the Internet Archive
856 42 - ELECTRONIC LOCATION AND ACCESS
Uniform Resource Identifier <a href="http://www.openlibrary.org/books/OL22790302M">http://www.openlibrary.org/books/OL22790302M</a>
Public note Additional information and access via Open Library
942 ## - ADDED ENTRY ELEMENTS (KOHA)
Koha item type ЕКнига

Немає доступних примірників.